| 000 | 00340nam a2200121Ia 4500 | ||
|---|---|---|---|
| 008 | 210430s9999 xx 000 0 und d | ||
| 082 | _a671.52 A967 A | ||
| 100 |
_aAmerican Welding Society _9128862 |
||
| 245 |
_aAmerican Welding Society: Material Book / _cA W S |
||
| 260 |
_aAmrica _bphoto copy _c1997 |
||
| 300 | _a889p | ||
| 942 |
_cBK _2ddc |
||
| 999 |
_c564547 _d564547 |
||